Memorias de la IV reunión del proyecto Halle, 4-8 septiembre de 1998

Salvato in:
Dettagli Bibliografici
Ente Autore: Universidad de Varsovia. Centro de Estudios Latinoamericanos
Altri autori: Dembicz, Andrzej
Natura: Libro
Lingua:spagnolo
Pubblicazione: Varsovia CESLA 1999
Serie:<El> Espacio en la cultura latinoamericana 5
Soggetti:
Tags: Aggiungi Tag
Nessun Tag, puoi essere il primo ad aggiungerne!!

MARC

LEADER 00000nam$a2200000$$$4500
001 0035203
005 20240104132503.4
020 |a 83-85620-39-6 
041 0 |a spa 
044 |a PL 
245 1 0 |a Memorias de la IV reunión del proyecto  |b Halle, 4-8 septiembre de 1998  |c Editor: Andrzej Dembicz 
264 1 |a Varsovia  |b CESLA  |c 1999 
300 |a 164 s. 
490 1 |a <El> Espacio en la cultura latinoamericana  |v 5 
830 0 |a <El> Espacio en la cultura latinoamericana  |v 5 
610 2 0 |a národnosti 
610 2 0 |a kultúra 
610 2 0 |a regióny 
610 2 0 |a história 
610 2 0 |a štýl životný 
610 2 0 |a zvyklosti kultúrne 
610 2 0 |a politika 
610 2 0 |a situácia hospodárska 
610 2 0 |a literatúra 
610 2 0 |a úroveň životná 
610 2 0 |a konflikty 
610 2 0 |a globalizácia 
610 2 0 |a integrácia 
610 2 0 |a adresáre 
610 2 0 |a Latinská Amerika 
700 1 |a Dembicz, Andrzej 
110 2 |a Universidad de Varsovia. Centro de Estudios Latinoamericanos